Fractal geometry in digital imaging / (Record no. 175569)
[ view plain ]
| 000 -LEADER | |
|---|---|
| fixed length control field | 00778 a2200181 4500 |
| 020 ## - INTERNATIONAL STANDARD BOOK NUMBER | |
| International Standard Book Number | 0127039708 |
| 020 ## - INTERNATIONAL STANDARD BOOK NUMBER | |
| International Standard Book Number | 9780127039701 |
| 082 04 - DEWEY DECIMAL CLASSIFICATION NUMBER | |
| Classification number | 621.367,TUR |
| 100 1# - MAIN ENTRY--PERSONAL NAME | |
| Personal name | Turner, Martin J. |
| 9 (RLIN) | 8845 |
| 245 10 - TITLE STATEMENT | |
| Title | Fractal geometry in digital imaging / |
| Statement of responsibility, etc. | Martin J. Turner, Jonathan M. Blackledge, Patrick R. Andrews. |
| 250 ## - EDITION STATEMENT | |
| Edition statement | 1st ed. |
| 260 ## - PUBLICATION, DISTRIBUTION, ETC. | |
| Place of publication, distribution, etc. | [S.l.] : |
| Name of publisher, distributor, etc. | Academic Press, |
| Date of publication, distribution, etc. | 1998. |
| 300 ## - PHYSICAL DESCRIPTION | |
| Extent | 328 p. ; |
| Dimensions | 25 cm. |
| 505 ## - FORMATTED CONTENTS NOTE | |
| Formatted contents note | Part 1:- Fractal Geometry (Page-13), Part 2:- Fractals to Segment Images (Page-79), Part 3:- Fractals to Create Images (Page-161), Part 4:- Images to Create Fractals (Page-203), Part 5:- Conclusions and Appendices (Page-253). |
| 700 1# - ADDED ENTRY--PERSONAL NAME | |
| Personal name | Blackledge, Jonathan M. |
| 9 (RLIN) | 8846 |
| 700 1# - ADDED ENTRY--PERSONAL NAME | |
| Personal name | Andrews, Patrick R. |
| 9 (RLIN) | 8847 |
| 942 ## - ADDED ENTRY ELEMENTS (KOHA) | |
| Institution code [OBSOLETE] | SNS |
| Koha item type | Book |
| Call number prefix | 621.367 TUR |
| Source of classification or shelving scheme | |
| Withdrawn status | Lost status | Source of classification or shelving scheme | Damaged status | Not for loan | Permanent Location | Current Location | Shelving location | Date acquired | Full call number | Barcode | Date last seen | Price effective from | Koha item type | Public note |
|---|---|---|---|---|---|---|---|---|---|---|---|---|---|---|
| Military College of Signals (MCS) | Military College of Signals (MCS) | Reference | 12/12/2016 | 621.367,TUR | MCS30473 | 12/08/2016 | 12/12/2016 | Reference | Almirah No.20, Shelf No.6 |
